| 000 | 01198nmm a2200373 a 4500 | ||
|---|---|---|---|
| 003 | AR-BaBNM | ||
| 005 | 20251128204726.0 | ||
| 008 | 045119s1992 ||||||||||||||000 | spa|| | ||
| 020 | _a84-331-0546-9 | ||
| 040 | _cAR-BaBNM | ||
| 110 | 2 | _aForum Europeo de Administradores de la Educación | |
| 245 | 1 | 0 |
_aLa dirección escolar _bformación y puesta al día |
| 260 |
_aMadrid _bEscuela española _c1992 |
||
| 300 | 0 |
_a327 p. _bcuadros, fichas, diagr. |
|
| 500 | 0 | _aContiene notas en p. 321 | |
| 650 | 4 | _aPLANIFICACION | |
| 650 | 4 | _aDESARROLLO DE LA EDUCACION | |
| 650 | 4 | _aACTITUD DEL DOCENTE | |
| 650 | 4 | _aEVALUACION | |
| 650 | 4 | _aACTIVIDADES EN GRUPO | |
| 650 | 4 | _aACTIVIDADES INTEGRADAS | |
| 653 | 0 | _aCONTENIDOS CURRICULARES | |
| 700 | 1 |
_aAlvarez Fernández, Manuel _ecoordinador |
|
| 700 | 1 |
_aBorrell i Felip, Nuria _ecolaborador |
|
| 700 | 1 |
_aCasanovas, Lina _ecolaborador |
|
| 700 | 1 |
_aMuset, Margarita _ecolaborador |
|
| 700 | 1 |
_aRul, Jesús _ecolaborador |
|
| 700 | 1 |
_aAlvarez, Manuel _ecolaborador |
|
| 700 | 1 |
_aVilla, Aurelio _ecolaborador |
|
| 700 | 1 |
_aGairin, Joaquín _ecolaborador |
|
| 700 | 1 |
_aAndreasson, Iyonne _ecolaborador |
|
| 942 | _cBK | ||
| 998 | _cGLORIA | ||
| 999 |
_c8575 _d8575 |
||